Statistics for It's a Very Merry Muppet Christmas Characters Quiz

Click here to take the quiz!

General Stats

  • This quiz has been taken 35 times
  • The average score is 12 of 28

Answer Stats

Actor/ActressDescriptionCharacter% Correct
Steve WhitmireA pragmatic frog who is the straight man protagonist and de facto leader of the Muppet ensembleKermit
93%
Eric JacobsonA temperamental diva pig who is the Muppets' break-out and "authentic superstar"Miss Piggy
87%
Steve WhitmireBunsen's lab assistant who performs ill-fated experiments which often results in him getting seriously injuredBeaker
73%
Dave GoelzAn eccentric hooked-nosed stunt performer and performance artistGonzo
73%
Eric JacobsonA naive, comically-disinclined bearFozzie
67%
Eric JacobsonA savage, frenzied drummer for Dr. Teeth and the Electric MayhemAnimal
60%
Bill BarrettaA chef who speaks mock SwedishSwedish Chef
60%
Dave GoelzAn inventive, yet aloof scientist who frequently performs science experiments and invention demonstrations that typically go awry and has an "affable cluelessness" whenever his assistant, Beaker, is a victim of these presentationsDr. Bunsen Honeydew
53%
Steve WhitmireA sly brown rat from the inner cityRizzo
53%
Bill BarrettaA scruffy brown dog of indeterminate breed, though part Corgi, with a rounded black nose and long floppy earsRowlf
40%
Steve WhitmireAn elderly and grouchy gentleman who constantly heckles the Muppets from the audience, specifically from an upper balcony boxStatler
40%
Dave GoelzAn elderly and grouchy gentleman who constantly heckles the Muppets from the audience, specifically from an upper balcony boxWaldorf
40%
Bill BarrettaAn imposing, yet easily amused and befuddled brown bearBobo
33%
David ArquetteAn angel who appears to Kermit at ChristmasDaniel
33%
Bill BarrettaA scheming and sassy Latino king prawnPepe
33%
Joan CusackA spoiled, rich young bankerRachel Bitterman
33%
Kevin ClashA patriotic bald eagle and the group's self-proclaimed delegator of conservative valuesSam Eagle
33%
Brian HensonThe loyal stage manager and gofer of the Muppet Theater and nephew of its owner J.P. GrosseScooter
33%
Whoopi GoldbergThe Creator of the UniverseThe Boss
33%
Dave GoelzA teal, balding saxophone player with dark glasses and a high-crowned blue felt hat, and was generally a laid-back fellow of few wordsZoot
33%
John KennedyThe gravelly-voiced leader and keyboard player and of the bandDr. Teeth
27%
Jerry NelsonThe cynical "hippie" bass playerFloyd Pepper
27%
Brian HensonA hippie who plays the guitar in the Electric MayhemJanice
27%
Bill BarrettaA friend of Sal MinellaJohnny Fiama
27%
John HensonA very large, imposing and hairy ogre about nine feet tallSweetums
27%
Bill BarrettaA tan humanoid Muppet with dark hair, a mustache, a red knobby nose, a ruff and a red suitLew Zealand
20%
Matthew LillardA foppish French choreographerLuc Fromage
20%
Jerry NelsonKermit's sweet-voiced nephewRobin
20%

Score Distribution

Percentile by Number Answered

Percent of People with Each Score

Your Score History

You have not taken this quiz